000 00837cam a2200289 a 4500
001 5117
003 BD-RJUL
005 20211208234019.0
008 131224s1965 enk 000 0 eng
035 _a(BD-RJUL)5153
040 _aDLC
_cFUB
_dSLU
_dUKM
_dEQO
_beng
041 _aeng
082 0 _a340.01
_bTAN 1965
090 _aKD358
_b.T3 1965
100 1 _aTangley, Edwin Savory Herbert,
_d1899-
_916114
245 1 0 _aNew law for a new world? /
_cLord Tangley.
260 _aLondon :
_bStevens,
_c1965.
300 _aviii, 97 p. ;
_c19 cm.
500 _a"Published under the auspices of the Hamlyn Trust."
526 _bLAW
650 0 _aLaw reform
_zGreat Britain.
_913295
830 0 _v17th series
_916118
710 2 _aHamlyn Trust.
_916116
830 0 _aHamlyn lectures ;
_916119
942 _2ddc
_cBK
999 _c5117
_d5117